000 01750cam a2200133 4500500
005 20260329034146.0
041 _afre
042 _adc
100 1 0 _aBarth-Rabot, Cécile
_eauthor
245 0 0 _aLa lecture : Valeur et déterminants d'une pratique
260 _bArmand Colin,
_c2023.
520 _aQu'est-ce que lire quand la lecture est décrite comme « en crise » et érigée en « grande cause nationale » ? Comment choisit-on les livres qu'on lit ? Quel regard porte-t-on sur les textes ? À partir de nombreux travaux issus de différentes disciplines, mais aussi d'entretiens menés avec des lectrices et lecteurs, cet ouvrage explore les « médiations » qui s'intercalent entre la production d'un texte et sa réception : le travail éditorial fait passer du texte au livre ; la critique et la médiation des professionnels du livre fabriquent sa valeur et sa visibilité ; l'école enseigne à lire, transmet catégories et hiérarchies et cherche à transmettre le goût de la lecture ; les politiques publiques et les bibliothèques encouragent la pratique ; les socialisations familiales et amicales la stimulent ; les dispositifs et sociabilités littéraires, des festivals aux rencontres d'auteurs et aux réseaux sociaux, lui permettent de se déployer. Autant de médiations qui, souvent à notre insu, produisent des effets sur les pratiques et les perceptions. Un éclairage original sur une pratique qui, des militants aux pratiquants, des enseignants aux professionnels du livre, fait consensus, mais recouvre une grande diversité, socialement construite, de points de vue et de manières de faire.
856 4 1 _uhttps://shs.cairn.info/la-lecture--9782200635190?lang=fr&redirect-ssocas=7080
999 _c1961317
_d1961317